A systems approach to small group interaction.-- 3rd ed. (Record no. 80891)
[ view plain ]
| 000 -LEADER | |
|---|---|
| fixed length control field | 01233nam a2200253 a 4500 |
| 008 - FIXED-LENGTH DATA ELEMENTS--GENERAL INFORMATION | |
| fixed length control field | 120416s1988 ||||||||||||||||| || u |
| 020 ## - INTERNATIONAL STANDARD BOOK NUMBER | |
| International Standard Book Number | 0394365399 |
| 050 ## - LIBRARY OF CONGRESS CALL NUMBER | |
| Classification number | HD 66 Tub |
| 100 ## - MAIN ENTRY--PERSONAL NAME | |
| Personal name | Tubbs, Stewart L., 1943- |
| 245 12 - TITLE STATEMENT | |
| Title | A systems approach to small group interaction.-- 3rd ed. |
| 250 ## - EDITION STATEMENT | |
| Edition statement | 3rd. ed. |
| 260 ## - PUBLICATION, DISTRIBUTION, ETC. | |
| Place of publication, distribution, etc. | New York |
| Name of publisher, distributor, etc. | Random House |
| Date of publication, distribution, etc. | 1988 |
| 300 ## - PHYSICAL DESCRIPTION | |
| Extent | xi, 402p. : ill |
| 350 ## - | |
| -- | 0.00 |
| 500 ## - GENERAL NOTE | |
| General note | Includes index. -Bibliography: p. 376-392. |
| 650 #0 - SUBJECT ADDED ENTRY--TOPICAL TERM | |
| Topical term or geographic name entry element | MANAGEMENT |
| 650 ## - SUBJECT ADDED ENTRY--TOPICAL TERM | |
| Topical term or geographic name entry element | ORGANIZATIONAL BEHAVIOUR |
| 650 ## - SUBJECT ADDED ENTRY--TOPICAL TERM | |
| Topical term or geographic name entry element | TEAMS IN THE WORKPLACE |
| 650 ## - SUBJECT ADDED ENTRY--TOPICAL TERM | |
| Topical term or geographic name entry element | SMALL GROUPS |
| 995 ## - | |
| -- | ANNEX COLLECTION (Main Library) |
| -- | 0.00 |
| -- | 725640 |
| -- | CBU-MAIN LIBRARY (Kitwe) |
| -- | 4 |
| -- | 40.00 |
| -- | HD 66 Tub |
| -- | 2 |
| -- | AVAILABLE |
| -- | 003845 |
| -- | Annex Low-Usage Collection |
| 995 ## - | |
| -- | ANNEX COLLECTION (Main Library) |
| -- | 0.00 |
| -- | 725643 |
| -- | CBU-MAIN LIBRARY (Kitwe) |
| -- | 1 |
| -- | 40.00 |
| -- | HD 66 Tub |
| -- | 4 |
| -- | AVAILABLE |
| -- | 003847 |
| -- | Annex Low-Usage Collection |
| 995 ## - | |
| -- | ANNEX COLLECTION (Main Library) |
| -- | 0.00 |
| -- | 725642 |
| -- | CBU-MAIN LIBRARY (Kitwe) |
| -- | 3 |
| -- | 40.00 |
| -- | HD 66 Tub |
| -- | 1 |
| -- | AVAILABLE |
| -- | 003844 |
| -- | Annex Low-Usage Collection |
| 995 ## - | |
| -- | ANNEX COLLECTION (Main Library) |
| -- | 0.00 |
| -- | 725641 |
| -- | CBU-MAIN LIBRARY (Kitwe) |
| -- | 2 |
| -- | 40.00 |
| -- | HD 66 Tub |
| -- | 3 |
| -- | AVAILABLE |
| -- | 003846 |
| -- | Annex Low-Usage Collection |
| 999 ## - | |
| -- | 80891 |
| -- | 80891 |
| Withdrawn status | Lost status | Source of classification or shelving scheme | Damaged status | Not for loan | Permanent Location | Current Location | Shelving location | Date acquired | Total Checkouts | Full call number | Barcode | Date last seen | Copy number | Price effective from | Koha item type |
|---|---|---|---|---|---|---|---|---|---|---|---|---|---|---|---|
| CBU-MAIN LIBRARY, KITWE. | CBU-MAIN LIBRARY, KITWE. | 07/11/2023 | HD 66 Tub | 003845 | 07/11/2023 | 1 | 07/11/2023 | MONOGRAPH | |||||||
| CBU-MAIN LIBRARY, KITWE. | CBU-MAIN LIBRARY, KITWE. | 07/11/2023 | HD 66 Tub | 003847 | 07/11/2023 | 2 | 07/11/2023 | MONOGRAPH | |||||||
| CBU-MAIN LIBRARY, KITWE. | CBU-MAIN LIBRARY, KITWE. | 07/11/2023 | HD 66 Tub | 003844 | 07/11/2023 | 3 | 07/11/2023 | MONOGRAPH | |||||||
| Withdrawn | CBU-MAIN LIBRARY, KITWE. | CBU-MAIN LIBRARY, KITWE. | 07/11/2023 | HD 66 Tub | 003846 | 07/11/2023 | 4 | 07/11/2023 | MONOGRAPH |